La jungla : los cazadores silenciosos
Guardado en:
| Formato: | Libro |
|---|---|
| Publicado: |
Madrid :
Rueda,
2004
|
| Materias: | |
| Etiquetas: |
Agregar Etiqueta
Sin Etiquetas, Sea el primero en etiquetar este registro!
|
| LEADER | 00671nam a22002175a 4500 | ||
|---|---|---|---|
| 001 | CEM.cems017988 | ||
| 005 | 20130416120010.0 | ||
| 008 | 130507s2004##################000#0#####d | ||
| 003 | CEMS | ||
| 020 | |a 8484472612 | ||
| 082 | 0 | 4 | |a 591.7152 |
| 245 | 0 | 0 | |a La jungla : |b los cazadores silenciosos |
| 260 | |a Madrid : |b Rueda, |c 2004 | ||
| 300 | |a 191 p. | ||
| 505 | 0 | |a La selva africana, hogar de los gorilas -- Junglas asiáticas, fauna desconocida -- Las selvas del koala | |
| 653 | |a Animales | ||
| 653 | |a Fauna de la jungla | ||
| 653 | |a Fauna-jungla | ||
| 653 | |a Fauna-selva | ||
| 653 | |a Fauna-hábitat | ||
| 859 | |a CEMS |b BIB. CEMS - Agricultura |h 591.7152 |i An546-2 |p A1826.13 |t Ej.1 | ||
